000 00949nas a2200337 4500
001 BR2012002915
003 BR-BrBNA
005 20231205120450.0
007 ta
008 230509b bl.|||p| |||| 00| 00por d
040 _aBR-BrBNA
_bpor
_cBiblioteca Nacional de Agricultura
041 _a(Pt)
072 _aL70
100 1 _aRaiser, A.G.
100 1 _aMazzanti, A.
100 1 _aLopes, S.T.A.
100 1 _aBrondani, J.T.
100 1 _aSouza, C.
100 1 _aBatina, P.
100 1 _aSalbego, F.Z.
100 1 _aStieven, D.
100 1 _aRohde, R.
245 1 _aMaterial alternativo de coleta de sangue em bovinos para transfusão
650 _aBOVINO
650 _aVETERINÁRIA
650 _aSANGUE
650 _aHEMATOLOGIA
773 0 _tPesquisa Veterinária Brasileira (Brazil)
_xISSN 0101-9163
_g(Nov-Dec 2003), v. 23(136) p. 39-42
_wBR2012002915
909 _a202311
_bLúcia
_c55
_dLúcia Elande
942 _2AGRIS
_n0
_cANA
999 _c218640
_d218640